000
00193nam a22000977a 4500
003
SGT
100
_a
COMER, DOUGLAS E
245
_a
COMPUTER NETWORKS INTERNETS
250
_a
4RT
942
_2
ddc
_c
CD
999
_c
20038
_d
20038